El plan pictórico de lo concreto (Record no. 10299)
[ view plain ]
| 000 - LÍDER | |
|---|---|
| campo de control de longitud fija | 01383nam a2200253Ia 4500 |
| 008 - ELEMENTOS DE DATOS DE LONGITUD FIJA - INFORMACIÓN GENERAL | |
| campo de control de longitud fija | 0000002009 pr ad 0000000000mul00 |
| 020 ## - INTERNATIONAL STANDARD BOOK NUMBER | |
| International Standard Book Number | 9780977079193 |
| 090 ## - NÚMERO DE LLAMADA DE TIPO LC LOCALMENTE ASIGNADO (OCLC) | |
| Número de clasificación (OCLC) (R) | PPR00 M67p |
| 100 1# - ENTRADA PRINCIPAL - NOMBRE PERSONAL | |
| Nombre de la persona | Moreira, Rubén Alejandro |
| 245 13 - TÍTULO DECLARACIÓN | |
| Título | El plan pictórico de lo concreto |
| Resto del título | : Julio Rosado del Valle = The pictorial strategy of the concrete Julio Rosado del Valle |
| Declaración de responsabilidad | / por Rubén Alejandro Moreira ; traducción Anne Catesby Jones ; fotografías John Betancourt |
| 260 ## - PUBLICACIÓN, DISTRIBUCIÓN | |
| Lugar de publicación | San Juan (Puerto Rico) : Museo de Arte de Puerto Rico |
| Fecha de publicación | 2009 |
| 300 ## - DESCRIPCIÓN FÍSICA | |
| Alcance | 292 p. |
| Dimensiones | / 27 cm. |
| 500 ## - NOTA GENERAL | |
| Nota general | Exposición realizada en Museo de Arte de Puerto Rico, enero 24 a junio 21 de 2009 \ Texto bilingue: español inglés \ Registro auspiciado por la FGAA. Bogotá |
| 501 ## - Con nota | |
| Con nota | A un pie de la playa, el artista El moderno lirismo Residencia y vuelo La erosión de las formas El drama de la metamorfosis La larva se abre Las cosas siempre tuvieron ánima Con muchas vidas |
| 600 00 - ENTRADA DE SUJETO AÑADIDO - NOMBRE PERSONAL | |
| Nombre de la persona | ROSADO DEL VALLE, JULIO, 19222008/ |
| Subdivisión general | TRABAJOS PICTORICOS |
| 650 14 - ENTRADA DE SUJETO AÑADIDO - TÉRMINO TÓPICO | |
| Término tópico o elemento de entrada del nombre geográfico | ARTE CONTEMPORANEO PUERTORRIQUEÑO |
| 650 14 - ENTRADA DE SUJETO AÑADIDO - TÉRMINO TÓPICO | |
| Término tópico o elemento de entrada del nombre geográfico | ARTISTAS PLASTICOS PUERTORRIQUEÑOS |
| 650 14 - ENTRADA DE SUJETO AÑADIDO - TÉRMINO TÓPICO | |
| Subdivisión general | CATALOGOS |
| 650 14 - ENTRADA DE SUJETO AÑADIDO - TÉRMINO TÓPICO | |
| Término tópico o elemento de entrada del nombre geográfico | DIBUJOS PUERTORRIQUEÑOS |
| 650 14 - ENTRADA DE SUJETO AÑADIDO - TÉRMINO TÓPICO | |
| Subdivisión general | EXPOSICIONES |
| 650 14 - ENTRADA DE SUJETO AÑADIDO - TÉRMINO TÓPICO | |
| Término tópico o elemento de entrada del nombre geográfico | PINTORES PUERTORRIQUEÑOS |
| 650 14 - ENTRADA DE SUJETO AÑADIDO - TÉRMINO TÓPICO | |
| Término tópico o elemento de entrada del nombre geográfico | PINTURA PUERTORRIQUEÑA |
| 700 1# - ENTRADA AGREGADA - NOMBRE PERSONAL | |
| Nombre de la persona | Jones, Anne Castesby, tr. \ Betancourt, John |
| Estado de retirada | Pérdida de estatus | Estado dañado | No para préstamo | Código de recogida | Ubicación permanente | Ubicación actual | Ubicación de las estanterías | Fecha de adquisición | Número de llamada completo | Código de barras | Fecha de la última vez que se vio | Número de copia | Precio efectivo desde | Tipo de artículo Koha |
|---|---|---|---|---|---|---|---|---|---|---|---|---|---|---|
| General | ArtNexus | ArtNexus | General | 06/09/2022 | P-PR-00 M67P | 10391 | 06/09/2022 | Ej.1 | 06/09/2022 | Libro |